000 00878nam0a22002651 4500
001 rc\683211
005 20250621211327.0
035 _a(NLR Aleph) 005920381
090 _a6470808
_c6470808
100 _a20031121d1985 |||y0rusy50 ca
101 0 _arus
102 _aRU
105 _ay |||||||||
200 1 _aРоль кредита в развитии экономики Туркменской ССР
210 _aАшхабад
_cТуркменНИИНТИ
_d1985
215 _a56 с.
_d20
300 _aНа обл. авт. не указан
300 _aВ надзаг.: Госплан ТССР, НИИ НТИ и техн.-экон. исслед.
320 _aБиблиогр.: с. 55 (11 назв.)
700 1 _aАтабаев
_bБ.
_gБерди
801 0 _aRU
_bNLR
_gpsbo
801 1 _aRU
_bELAR
_2rusmarc
852 _aNLR
_j86-4/648
942 _cBOOK
980 _aNB